|
|
|
|
| LEADER |
01280nam a2200325 a 4500 |
| 001 |
35536 |
| 003 |
BD-DhAAL |
| 005 |
20190930122256.0 |
| 008 |
190930t1987 nyua b 001 0 eng |
| 999 |
|
|
|c 41486
|d 41486
|
| 010 |
|
|
|a 87007875
|
| 020 |
|
|
|a 0306423545
|
| 040 |
|
|
|a DLC
|c DLC
|d DLC
|d BD-DhAAL
|
| 050 |
0 |
0 |
|a LB1051
|b .H537 1987
|
| 082 |
0 |
0 |
|a 370.15
|2 19
|
| 245 |
0 |
0 |
|a Historical foundations of educational psychology /
|c edited by John A. Glover and Royce R. Ronning.
|
| 260 |
|
|
|a New York :
|b Plenum Press,
|c c1987.
|
| 300 |
|
|
|a xiv, 446 pages :
|b illustrations
|c 26 cm.
|
| 490 |
|
|
|a Perspectives on individual differences
|
| 504 |
|
|
|a Includes bibliographies and index.
|
| 526 |
|
|
|a BIED
|
| 541 |
|
|
|a Complimentary copy from BIED
|e 35536
|
| 650 |
|
0 |
|a Educational psychology
|x History.
|9 35654
|
| 650 |
|
0 |
|a Social science
|9 35655
|
| 700 |
1 |
|
|a Glover, John A.,
|d 1949-
|9 35656
|
| 700 |
1 |
|
|a Ronning, Royce R.
|9 35657
|
| 830 |
|
|
|a Perspectives on individual differences
|9 35658
|
| 852 |
|
|
|a Ayesha Abed Library
|c General Stacks
|
| 942 |
|
|
|2 ddc
|c BK
|
| 952 |
|
|
|0 0
|1 0
|2 ddc
|4 0
|6 370_150000000000000_HIS
|7 0
|9 66597
|a BRACUL
|b BRACUL
|c GEN
|d 2019-09-30
|e Complimentary copy from BIED
|l 0
|o 370.15 HIS
|p 3010035536
|r 2019-09-30
|t 1
|w 2019-09-30
|y BK
|x Transferred from BIED to General Stacks
|